000 01425cam a22003134a 4500
001 12500362
005 20070515160102.0
008 010811s2001 enka b 001 0 eng
010 _a 2001272462
020 _a0192853759
040 _aDLC
_cDLC
_dDLC
042 _apcc
050 0 0 _aD1060
_b.P515 2001
082 0 0 _a341.2422
_221
_bPIN
100 1 _aPinder, John.
_98251
245 1 4 _aThe European Union :
_bA very short introduction /
_cJohn Pinder.
260 _aOxford :
_bOxford University Press,
_cc2001.
300 _axvi, 203 p. :
_bill. ;
_c18 cm.
490 0 _aVery short introductions ;
_v36
504 _aIncludes bibliographical references and index.
610 2 0 _aEuropean Union.
_98252
650 0 _aEuropean Union.
_98253
856 4 1 _3Table of contents only
_uhttp://www.loc.gov/catdir/enhancements/fy0611/2001272462-t.html
856 4 2 _3Publisher description
_uhttp://www.loc.gov/catdir/enhancements/fy0611/2001272462-d.html
856 4 2 _3Contributor biographical information
_uhttp://www.loc.gov/catdir/enhancements/fy0725/2001272462-b.html
942 _2ddc
_cBB
999 _c12473
_d12473